|
|
|
|
| LEADER |
03183nam a22004935i 4500 |
| 001 |
978-3-319-54274-4 |
| 003 |
DE-He213 |
| 005 |
20170830135753.0 |
| 007 |
cr nn 008mamaa |
| 008 |
170830s2017 gw | s |||| 0|eng d |
| 020 |
|
|
|a 9783319542744
|9 978-3-319-54274-4
|
| 024 |
7 |
|
|a 10.1007/978-3-319-54274-4
|2 doi
|
| 040 |
|
|
|d GrThAP
|
| 050 |
|
4 |
|a S1-S972
|
| 072 |
|
7 |
|a TVB
|2 bicssc
|
| 072 |
|
7 |
|a TEC003000
|2 bisacsh
|
| 082 |
0 |
4 |
|a 630
|2 23
|
| 100 |
1 |
|
|a Blasco, Agustín.
|e author.
|
| 245 |
1 |
0 |
|a Bayesian Data Analysis for Animal Scientists
|h [electronic resource] :
|b The Basics /
|c by Agustín Blasco.
|
| 264 |
|
1 |
|a Cham :
|b Springer International Publishing :
|b Imprint: Springer,
|c 2017.
|
| 300 |
|
|
|a XVIII, 275 p. 62 illus., 57 illus. in color.
|b online resource.
|
| 336 |
|
|
|a text
|b txt
|2 rdacontent
|
| 337 |
|
|
|a computer
|b c
|2 rdamedia
|
| 338 |
|
|
|a online resource
|b cr
|2 rdacarrier
|
| 347 |
|
|
|a text file
|b PDF
|2 rda
|
| 505 |
0 |
|
|a Foreword -- Notation -- 1. Do we understand classical statistics? -- 2. The Bayesian choice -- 3. Posterior distributions -- 4. MCMC -- 5. The “baby” model -- 6. The linear model. I. The “fixed” effects model -- 7. The linear model. II. The “mixed” model -- 8. A scope of the possibilities of Bayesian inference + MCMC -- 9. Prior information -- 10. Model choice -- Appendix -- References.
|
| 520 |
|
|
|a In this book, we provide an easy introduction to Bayesian inference using MCMC techniques, making most topics intuitively reasonable and deriving to appendixes the more complicated matters. The biologist or the agricultural researcher does not normally have a background in Bayesian statistics, having difficulties in following the technical books introducing Bayesian techniques. The difficulties arise from the way of making inferences, which is completely different in the Bayesian school, and from the difficulties in understanding complicated matters such as the MCMC numerical methods. We compare both schools, classic and Bayesian, underlying the advantages of Bayesian solutions, and proposing inferences based in relevant differences, guaranteed values, probabilities of similitude or the use of ratios. We also give a scope of complex problems that can be solved using Bayesian statistics, and we end the book explaining the difficulties associated to model choice and the use of small samples. The book has a practical orientation and uses simple models to introduce the reader in this increasingly popular school of inference.
|
| 650 |
|
0 |
|a Life sciences.
|
| 650 |
|
0 |
|a Agriculture.
|
| 650 |
|
0 |
|a Biostatistics.
|
| 650 |
|
0 |
|a Animal genetics.
|
| 650 |
|
0 |
|a Biomathematics.
|
| 650 |
1 |
4 |
|a Life Sciences.
|
| 650 |
2 |
4 |
|a Agriculture.
|
| 650 |
2 |
4 |
|a Veterinary Medicine/Veterinary Science.
|
| 650 |
2 |
4 |
|a Mathematical and Computational Biology.
|
| 650 |
2 |
4 |
|a Animal Genetics and Genomics.
|
| 650 |
2 |
4 |
|a Biostatistics.
|
| 710 |
2 |
|
|a SpringerLink (Online service)
|
| 773 |
0 |
|
|t Springer eBooks
|
| 776 |
0 |
8 |
|i Printed edition:
|z 9783319542737
|
| 856 |
4 |
0 |
|u http://dx.doi.org/10.1007/978-3-319-54274-4
|z Full Text via HEAL-Link
|
| 912 |
|
|
|a ZDB-2-SBL
|
| 950 |
|
|
|a Biomedical and Life Sciences (Springer-11642)
|